Voyages de Milord Céton dans les sept planettes, ou le nouveau mentor / (Record no. 167805)

MARC details
000 -LEADER
campo de control de longitud fija 01142nam a22002295i 4500
001 - NÚMERO DE CONTROL
campo de control 167805
003 - IDENTIFICADOR DE NÚMERO DE CONTROL
campo de control ES-MaACL
005 - FECHA Y HORA DE LA ÚLTIMA TRANSACCIÓN
campo de control 20251003063149.0
008 - DATOS DE LONGITUD FIJA--INFORMACIÓN GENERAL
campo de control de longitud fija 031013s1787 ne f |||| | fre d
040 ## - FUENTE DE CATALOGACIÓN
Centro catalogador/agencia de origen CCPB | B
Lengua de catalogación spa
Centro/agencia transcriptor CCPB | B
100 1# - ENTRADA PRINCIPAL--NOMBRE DE PERSONA
Nombre de persona Robert, Marie-Anne,
Fechas asociadas al nombre 1705-1771
9 (RLIN) 155219
245 10 - MENCIÓN DEL TÍTULO
Título Voyages de Milord Céton dans les sept planettes, ou le nouveau mentor /
Mención de responsabilidad, etc. [Par Mme M.-A. de Roumier, Mme Robert.].
260 ## - PUBLICACIÓN, DISTRIBUCIÓN, ETC.
Lugar de publicación, distribución, etc. A Amsterdam et se trouve à Paris :
Nombre del editor, distribuidor, etc. rue et Hôtel Serpente,
Fecha de publicación, distribución, etc. 1787.
300 ## - DESCRIPCIÓN FÍSICA
Extensión [4], 396 p., [2] h. de grab. ;
Dimensiones 8º.
490 1# - MENCIÓN DE SERIE
Mención de serie Voyages imaginaires songes, visions et romans cabalistique ;
Designación de volumen o secuencia 18
505 8# - NOTA DE CONTENIDO CON FORMATO
Nota de contenido con formato Contiene, según portadilla: Les voyages de Milord Céton dans les sept planètes, ou le nouveau Mentor
597 ## - NOTA DE DESCRIPCIÓN FÍSICA
NOTA DE DESCRIPCIÓN FÍSICA Sign.: [ ]2, A-Z8, 2A8, 2B4, 2C2.
599 ## - NOTA A LAS ILUSTRACIONES
NOTA A LAS ILUSTRACIONES Las h. de grab. son calc.: "C.P. Marillier d.", "Delignon sculp." y "C.P. Marithier, del." "I. Croutelle, sculp."
830 0# - PUNTO DE ACCESO ADICIONAL DE SERIE-TÍTULO UNIFORME
Título uniforme Voyages imaginaires songes, visions et romans cabalistique ;
Designación de volumen o secuencia 18
9 (RLIN) 222653
852 ## - LOCALIZACIÓN
Ubicación ES-MaACL
Número de control de estantería R-3281
Nota libre -- Enc. pasta
condición física -- Falto de las h. de grab.
Holdings
Estatus retirado Estado de pérdida Estado de daño No para préstamo Colección Biblioteca de origen Biblioteca actual Ubicación en estantería Fecha de adquisición Fuente de adquisición Total de préstamos Signatura topográfica completa Código de barras Visto por última vez Precio de reemplazo Tipo de ítem Koha
        Libros del s. XVIII Biblioteca del Ateneo de Madrid Biblioteca del Ateneo de Madrid Depósito 17/01/2008     R-3281 1176045 23/02/2023 23/02/2023 Libro impreso antiguo